000 00397nam a2200169Ia 4500
001 5443
003 IN-NITTTR
005 20251114233009.0
008 251113s9999||||xx |||||||||||||| ||eng||
040 _beng
040 _cIN-NITTTR
041 _aeng
082 _a621.38 C632 T
100 _aCoatesworth, D.
245 0 _aTelecommunication for technicians. /
_cCoatesworth, D.
942 _2ddc
_cBK
999 _c8079
_d8079